000 00405nam a2200133 4500
999 _c7602
_d7602
008 171007b xxu||||| |||| 00| 0 eng d
022 _a01181831
082 _aDPer 613.05 H34 Jul-Nov 2013
245 _aTo DEXA or not to DEXA?.
260 _aPhilippines:
_bMIMS Pte Ltd KDN,
_c©2013.
300 _apage 12:
_billustrations;
_c28 cm.
650 0 _922966
_aDiseases
_xOsteoporosis.
942 _2ddc
_cPER